| 000 | 01122nam a2200289 a 4500 | ||
|---|---|---|---|
| 001 | 000022917 | ||
| 005 | 20240515122609.0 | ||
| 008 | 101122s1965 sp r 001 0 spa d | ||
| 040 |
_aDO-SdBNP _bspa _cBNPHU |
||
| 041 | 1 | 7 |
_aspa _heng _2Código de idiomas MARC |
| 082 |
_a338.9 _bB344a, 1965 |
||
| 100 | 1 |
_aBauer, P. T. _947117 |
|
| 240 | 1 | 0 |
_aEconomic analysis and policy in underdeveloped countries. _lEspañol. |
| 245 | 1 | 0 |
_aAnálisis y política económica de los paises subdesarrollados / _cP. T. Baur ; prólogo de J.J. Spengler ; traducción de Joaquin Muns. |
| 250 | _a2a ed. | ||
| 260 |
_aMadrid : _bTecnos, _c1965. |
||
| 300 |
_a165, [5] p. ; _c24 cm. |
||
| 490 | 1 |
_aSemilla y Surco _v10 |
|
| 490 | 1 |
_aCiencias Sociales _v10 |
|
| 500 | _aIncluye índice | ||
| 504 | _aIncluye referencias bibliográficas y notas al pie de las páginas. | ||
| 534 |
_pTítulo original en inglés: _tEconomic analysis and policy in underdeveloped countries. |
||
| 650 | 0 |
_aPolítica económica _984931 |
|
| 650 | 4 |
_aTeoría política _933301 |
|
| 830 | 0 |
_aSemilla y Surco. _pCiencias Sociales ; _v10 _947118 |
|
| 049 | _aBNGR | ||
| 999 |
_c22414 _d22414 |
||